000 02273nam a22001577a 4500
999 _c514564
_d514564
008 201113b ||||| |||| 00| 0 eng d
100 _aMcEachem, M.G. Middleton and D, Cassidy, T.
_921126
245 _aEncouraging sustainable behavior change via a social practice approach: A focus on apparel consumption practices
260 _aJournal of Consumer Policy
300 _a43(2), Jun, 2020: p.397-418
520 _aTo encourage greater sustainability regarding apparel consumption practices, policymakers have traditionally focused on economic and/or social psychology frameworks which rely on information-based campaigns to achieve behavioural change. Whilst such campaigns have had limited success and received significant criticism, additional policy solutions are called for. In contrast to conventional behavioural change strategies, this study responds to calls for further methodological insight and explores the potential of creative methods such as upcycling workshops and contemplative theatre performance, as practice-based mechanisms to engender a greater understanding of the environmental impact of apparel consumption and help bring about behavioural change to current apparel consumption practice. Via the theoretical lens of behavioural change theory and contemplative performance practice, our findings reveal the dynamic and continuously reshaping nature of the apparel market, in that most of our participants were until recently unaware of the unsustainable nature of the apparel industry. Despite some participants citing barriers, such as a lack of time, peer pressure, and the desire to express a specific social identity, reactions to practice-based methods were overwhelmingly positive. Thus, initiating a more proactive engagement with sustainability issues as well as increased reflection and discussion on how they might modify current apparel consumption behaviours in the future. We conclude by making suggestions for policymakers regarding future sustainability initiatives. – Reproduced
650 _aSustainable appeared consumption, Social practice, Sustainable apparel disposal, Behavior change, Apparel industry, Upcycling
_919307
773 _aJournal of Consumer Policy
906 _aSUSTAINABLE BEHAVIOUR
942 _cAR